Ciudades dormitorio y ciudades satélite /
Descripción Física:
Il·lustracions
Colección:
San Jorge,
; núm. 9 (gener 1953), pàg 25-32
Idioma:
Español
MARC
| LEADER | 00000naa a2200000 a 4500 | ||
|---|---|---|---|
| 003 | Arxiu | ||
| 005 | 20260324181028.0 | ||
| 008 | 160829s1953 spaaxx s spa c | ||
| 040 | |a agdb | ||
| 100 | 1 | |a Baldrich i Tibau, Manuel, |d 1911-1966 |9 21224 | |
| 245 | 1 | 0 | |a Ciudades dormitorio y ciudades satélite / |c por Manuel Baldrich, arquitecto provincial |
| 300 | |b Il·lustracions | ||
| 490 | |a San Jorge, |v núm. 9 (gener 1953), pàg 25-32 | ||
| 650 | 0 | |a Urbanisme |x Aspectes socials |9 22513 |z Barcelona (Catalunya) | |
| 773 | |g Núm. 9 (gener 1953), pàg 25-32 |t San Jorge. | ||
| 901 | |a Arxiu | ||
| 942 | |n 1 |2 udc |c ART | ||
| 952 | |0 0 |1 0 |4 0 |6 REV508 |7 1 |9 64320 |a Arxiu |b Arxiu |d 2022-11-23 |o Rev-508 |r 2022-11-23 00:00:00 |w 2022-11-23 |y ARXIU |z També disponible a Rev-522 | ||
| 999 | |c 44695 |d 44695 | ||